000 00652nam a2200205Ii 4500
003 JO-AjNU
008 230605s9999||||xx |||||||||||||| ||und||
040 _aJO-AjNU
_bara
_erda
_cJO-AjNU
041 _aara
050 1 4 _aPN73.T2 1986
100 3 _aالطاهر،علي جواد,
_eauthor
_949246
245 0 0 _aمنهج البحث الأدبي
250 _aط7
264 3 1 _aبغداد: امكتبة العالمية، 1986
300 _a160ص
336 _atext
_btxt
_2rdacontent
337 _aunmediated
_bn
_2rdamedia
338 _avolume
_bnc
_2rdacarrier
650 4 _aالأدب العربي - مناهج البحث - بحث أدبي
_949247
999 _aA21618
_c25186
_d25186